000 01161cam a22001814a 4500
005 20250605164355.0
008 250528s ||||||||||||||||||||||||d
035 _a24309
040 _aGR-AtMCL
_bgre
_dGR-AtMCL
_eAACR2
245 1 _aΈρευνα και Ανάπτυξη και Καινοτομία στις Ελληνικές Περιφέρειες
260 _bΚαινοτομία Έρευνα Και Τεχνολογία,
_c2015
300 _a32
520 _aΠολλαπλά τα Οφέλη από τη Συνεργασία ΕΛΚΕΘΕ και ΕΚΤ για την Εκδόση του Mediterranean Marine Science, FI-WARE: Ένα Χρηματοδοτικό Εργαλείο για Νεοφυείς Επιχειρήσεις που Χρησιμοποιούν Ανοικτές Τεχνολογίες, Innovation Expert: Η Νέα Πρωτοβουλία του ΣΕΒ για Καινοτομία στην Πράξη, Εντυπωσιακά Ευρήματα στην Υποθαλάσσια Έρευνα στην ΒΑ Πλευρά της Δήλου.
700 1 _aΣαχίνη Εύη
_99352
942 _cCR
999 _c9198
_d9198